Airport Codes (North America) Quiz Stats

 Plays Quiz not verified by Sporcle

Score 0/20 Timer 04:00
0 Plays Today
% Correct
Los Angeles, USA
91.7%
San Francisco, USA
90.7%
Cancun, Mexico
89.8%
Bridgetown, Barbados
87.6%
Dallas, USA
86.7%
Minneapolis, USA
85.5%
Port-au-Prince, Haiti
85.2%
Montego Bay, Jamaica
84.8%
Detroit, USA
80.6%
Punta Cana, Dominican Republic
80.6%
% Correct
Varadero, Cuba
76.7%
San Diego, USA
73.6%
Vancouver, Canada
72%
Santo Domingo, Dominican Republic
69.8%
Houston, USA
66.5%
Chicago, USA
65.1%
Toronto, Canada
62.5%
Montreal, Canada
53%
Orlando, USA
49.1%
Maui, USA
38.3%

You're not logged in!

Compare scores with friends on all Sporcle quizzes.
OR
Log In

Show Comments

Extras

Top Quizzes Today


Score Distribution

Your Account Isn't Verified!

In order to create a playlist on Sporcle, you need to verify the email address you used during registration. Go to your Sporcle Settings to finish the process.

Report this User

Report this user for behavior that violates our Community Guidelines.

Details: